Seniorský vek nie je prekážkou

Bibliographic Details
Format: Article
Language:Slovak
PhysicalDescription:Fotogr.
ISSN:1338-0346
Subjects:

MARC

LEADER 00000nab a2200000 a 4500
001 vtls010535583
003 SK-MaSNL
005 20260305033247.0
008 130815c2013 xo wr 0 0slo
038 |a SLLK 
040 |a SLLK  |b slo  |c sllk  |e AACR2 
041 |a slo 
044 |a xo  |c SK 
080 |a 379.8-057.75  |2 2001 
080 |a 061.2  |2 2001 
245 0 0 |a Seniorský vek nie je prekážkou  |c Text a foto (J.P.) 
300 |b Fotogr. 
610 2 7 |a Jednota dôchodcov Slovenska  |b Okresná organizácia (Stará Ľubovňa, Slovensko)  |2 SNK  |9 1054686 
611 2 7 |a Športové hry  |n (7. :  |d 2013 :  |c Stará Ľubovňa, Slovensko)  |2 SNK  |9 1613552 
648 7 |a 2013  |2 snkbucl  |9 324251 
650 0 7 |a seniori  |2 SNKPH  |9 117453 
650 0 7 |a kvalita života  |2 SNKPH  |9 1705 
650 0 7 |a rekreačné športy  |2 SNKPH  |9 1045 
651 7 |a Stará Ľubovňa (Slovensko : okres)  |2 SNKPHgeo  |9 19196 
773 0 |t Ľubovnianske noviny  |g Roč. XXXVII, č. 25 (2013), s. 3  |x 1338-0346 
999 |c 3323536  |d 3325466